| 000 | 00507nam a2200193 a 4500 | ||
|---|---|---|---|
| 001 | 1771589608471 | ||
| 003 | YourLibrary | ||
| 005 | 20260220174641.0 | ||
| 008 | 260220s2007##################000#0#eng## | ||
| 020 | _a9780521867030 | ||
| 082 | 0 | 4 |
_a320.53132 _bSAN |
| 100 | 1 |
_aSandbrook, Richard, _eauthor. |
|
| 245 | 1 | 0 | _aSocial Democracy in the Global Periphery : |
| 260 | _c2007. | ||
| 300 | _a308 pages | ||
| 650 | 0 | _aPolitical Science. | |
| 942 | _cENGLISH | ||
| 040 |
_aYourLibrary _beng _cYourLibrary |
||
| 999 |
_c614715 _d614715 |
||